[Event "Mentese WGM 2019"]
[Site "Mentese"]
[Date "2019.06.24"]
[Round "6.1"]
[White "Atalik, Ekaterina"]
[Black "Rakhmangulova, Anastasiya"]
[Result "*"]
[WhiteElo "2452"]
[BlackElo "2217"]
[Annotator "RC"]
[PlyCount "129"]
[EventDate "2019.06.24"]
[EventType "schev"]
[EventCountry "TUR"]
[SourceTitle "playchess.com"]
[Source "ChessBase"]
[SourceQuality "1"]
[TimeControl "5400+30"]

1. d4 {[%emt 0:00:30]} d5 {[%emt 0:00:30]} 2. c4 {[%emt 0:00:00]} c6 {[%emt 0:00:00]} 3. Nf3 {[%emt 0:00:00]} Nf6 {[%emt 0:00:00]} 4. Nbd2 {[%emt 0:00:30]} Bf5 {[%emt 0:00:00]} 5. e3 {[%emt 0:01:30]} e6 {[%emt 0:00:00]} 6. Qb3 {[%emt 0:01:30]} Qc7 {[%emt 0:00:30]} 7. Nh4 {[%emt 0:01:30]} Be4 {[%emt 0:00:30]} 8. f3 {[%emt 0:00:30]} Bg6 {[%emt 0:00:00]} 9. g3 {[%emt 0:04:30]} Nbd7 {[%emt 0:10:00]} 10. Be2 {[%emt 0:02:30]} Bd6 {[%emt 0:12:30]} 11. Nf1 {[%emt 0:02:30]} O-O {[%emt 0:01:30]} 12. Nxg6 {[%emt 0:00:30]} hxg6 {[%emt 0:00:30]} 13. c5 {[%emt 0:01:30]} Be7 {[%emt 0:00:30]} 14. g4 {[%emt 0:02:30]} e5 {[%emt 0:01:30]} 15. h4 {[%emt 0:04:30]} b6 {[%emt 0:05:30]} 16. cxb6 {[%emt 0:01:30]} axb6 {[%emt 0:00:00]} 17. dxe5 {[%emt 0:00:30]} Qxe5 {[%emt 0:10:00]} 18. h5 {[%emt 0:07:30]} gxh5 {[%emt 0:01:30]} 19. gxh5 {[%emt 0:02:30]} d4 {[%emt 0:03:30]} 20. h6 {[%emt 0:04:30]} Nc5 {[%emt 0:17:30]} 21. Qc2 {[%emt 0:00:30]} Rfd8 {[%emt 0:00:00]} 22. exd4 {[%emt 0:01:30]} Rxd4 {[%emt 0:01:00]} 23. Be3 {[%emt 0:01:30]} Rb4 {[%emt 0:00:30]} 24. hxg7 {[%emt 0:05:30]} Rxb2 {[%emt 0:02:30]} 25. f4 {[%emt 0:01:30]} Rxc2 {[%emt 0:03:30]} 26. fxe5 {[%emt 0:00:30]} Nh7 {[%emt 0:00:30]} 27. Ng3 {[%emt 0:04:30]} Raxa2 {[%emt 0:10:44]} 28. Rxa2 {[%emt 0:01:30]} Rxa2 {[%emt 0:00:05]} 29. Nf5 {[%emt 0:03:30]} Nd3+ {[%emt 0:06:33]} 30. Bxd3 {[%emt 0:01:30]} Ra1+ {[%emt 0:00:05]} 31. Kf2 {[%emt 0:00:30]} Rxh1 {[%emt 0:00:05]} 32. Nxe7+ {[%emt 0:00:30]} Kxg7 {[%emt 0:00:03]} 33. Nxc6 {[%emt 0:02:30]} Rh2+ {[%emt 0:05:58]} 34. Kg3 {[%emt 0:01:30]} Rb2 {[%emt 0:00:12]} 35. Kf3 {[%emt 0:07:30]} Rb3 {[%emt 0:02:51]} 36. Ke4 {[%emt 0:04:30]} Nf8 {[%emt 0:00:34]} 37. Bc4 {[%emt 0:01:30]} Rc3 {[%emt 0:00:57]} 38. Bd5 {[%emt 0:00:30]} Ne6 {[%emt 0:02:04]} 39. Bxb6 {[%emt 0:02:30]} Ra3 {[%emt 0:02:30]} 40. Be3 {[%emt 0:03:30]} Ra4+ {[%emt 0:00:55]} 41. Kf5 {[%emt 0:02:30]} Ra3 {[%emt 0:00:15]} 42. Bf2 {[%emt 0:01:07]} Ra1 {[%emt 0:00:14]} 43. Bh4 {[%emt 0:03:23]} Rf1+ {[%emt 0:00:30]} 44. Kg4 {[%emt 0:00:30]} Rg1+ {[%emt 0:00:30]} 45. Kf3 {[%emt 0:00:30]} Rf1+ {[%emt 0:00:30]} 46. Ke3 {[%emt 0:01:58]} Rf5 {[%emt 0:02:41]} 47. Be7 {[%emt 0:02:16]} Rh5 {[%emt 0:00:38]} 48. Bf6+ {[%emt 0:00:35]} Kg6 {[%emt 0:00:29]} 49. Ne7+ {[%emt 0:03:54]} Kh6 {[%emt 0:00:05]} 50. Bf3 {[%emt 0:02:23]} Rh3 {[%emt 0:00:33]} 51. Kf2 {[%emt 0:01:37]} Rh2+ {[%emt 0:00:21]} 52. Kg3 {[%emt 0:00:16]} Ra2 {[%emt 0:00:16]} 53. Nf5+ {[%emt 0:00:59]} Kg6 {[%emt 0:00:53]} 54. Nd6 {[%emt 0:00:45]} Ra3 {[%emt 0:00:18]} 55. Kg4 {[%emt 0:00:30]} Nc5 {[%emt 0:00:35]} 56. Bd5 {[%emt 0:01:27]} Ra4+ {[%emt 0:00:04]} 57. Kf3 {[%emt 0:00:08]} Ra3+ {[%emt 0:01:10]} 58. Ke2 {[%emt 0:00:06]} Ra7 {[%emt 0:00:16]} 59. Nc8 {[%emt 0:01:43]} Rc7 {[%emt 0:00:56]} 60. Ne7+ {[%emt 0:00:38]} Rxe7 {[%emt 0:00:30]} 61. Bxe7 {[%emt 0:00:30]} Nd7 {[%emt 0:00:10]} 62. Be4+ {[%emt 0:00:00]} Kg7 {[%emt 0:00:56]} 63. Bd6 {[%emt 0:00:00]} Nb6 {[%emt 0:00:31]} 64. Kd3 {[%emt 0:00:47]} Nc8 {[%emt 0:00:30]} 65. Bf5 *

[Event "Mentese WGM 2019"]
[Site "Mentese"]
[Date "2019.06.24"]
[Round "6.2"]
[White "Doluhanova, Evgeniya"]
[Black "Zubova, Mariya"]
[Result "*"]
[WhiteElo "2319"]
[BlackElo "2164"]
[Annotator "TA"]
[PlyCount "42"]
[EventDate "2019.06.24"]
[EventType "schev"]
[EventCountry "TUR"]
[SourceTitle "playchess.com"]
[Source "ChessBase"]
[SourceQuality "1"]

{[%evp 22,24,5,10,26]} 1. c4 g6 2. Nc3 Bg7 3. Nf3 c5 4. g3 Nc6 5. Bg2 e6 6. O-O Nge7 7. e3 d5 8. cxd5 Nxd5 9. d4 cxd4 10. Nxd4 Nxd4 11. exd4 O-O 12. Qb3 Bxd4 {A36: Symmetrical English vs ...g6: 4 Bg2 Bg7} (12... Qb6 13. Nxd5 exd5 14. Bxd5 Bxd4 15. Qxb6 axb6 16. Rd1 Bg7 17. Be3 Be6 18. Bxe6 fxe6 19. Bd4 Ra5 20. Bxb6 Rb5 21. Be3 Rxb2 22. a4 Rc8 23. Rab1 Rxb1 24. Rxb1 {½-½ (49) Rakhmanov,A (2647)-Lintchevski,D (2519) Kazan 2018}) {Predecessor:} 13. Nxd5 $146 exd5 14. Bxd5 Qf6 15. h4 Bh3 16. Bg5 Qf5 17. Bg2 Bxg2 18. Kxg2 Qe4+ 19. Qf3 Qxf3+ 20. Kxf3 Rac8 21. Rfd1 Bxb2 {½-½ (41) Vastrukhin,O (2420)-Gogolev,A (2407) Yaroslavl 2018} *

[Event "Mentese WGM 2019"]
[Site "Mentese"]
[Date "2019.06.24"]
[Round "6.3"]
[White "Khomeriki, Nino"]
[Black "Novikova, Margarita"]
[Result "*"]
[WhiteElo "2313"]
[BlackElo "2020"]
[Annotator "NA RC"]
[PlyCount "105"]
[EventDate "2019.06.24"]
[EventType "schev"]
[EventCountry "TUR"]
[SourceTitle "playchess.com"]
[Source "ChessBase"]
[SourceQuality "1"]
[TimeControl "5400+30"]

1. d4 {[%emt 0:00:30]} d5 {[%emt 0:00:00]} 2. c4 {[%emt 0:00:00]} e6 {[%emt 0:00:00]} 3. Nf3 {[%emt 0:00:00]} Nf6 {[%emt 0:00:30]} 4. Nc3 {[%emt 0:00:30]} Be7 {[%emt 0:00:00]} 5. Bg5 {[%emt 0:00:00]} O-O {[%emt 0:00:00]} 6. e3 {[%emt 0:00:00]} b6 {[%emt 0:00:30]} 7. cxd5 {[%emt 0:02:30]} Nxd5 {[%emt 0:00:30]} 8. Nxd5 {[%emt 0:00:30]} exd5 {[%emt 0:00:30]} 9. Bxe7 {[%emt 0:00:30]} Qxe7 {[%emt 0:00:00]} 10. Bd3 {[%emt 0:00:00]} Ba6 {[%emt 0:01:00]} 11. Rc1 {[%emt 0:01:00]} Qb4+ {[%emt 0:06:30]} 12. Qd2 {[%emt 0:00:30]} Qxd2+ {[%emt 0:00:30]} 13. Kxd2 {[%emt 0:00:30]} Bxd3 {[%emt 0:00:30]} 14. Kxd3 {[%emt 0:00:00]} Na6 {[%emt 0:00:00]} 15. Ke2 {[%emt 0:01:00]} c5 {[%emt 0:03:00]} 16. dxc5 {[%emt 0:02:30]} bxc5 {[%emt 0:00:30]} 17. Rhd1 {[%emt 0:00:00]} Rab8 {[%emt 0:02:30]} 18. b3 {[%emt 0:01:00]} Rfd8 {[%emt 0:08:30]} 19. Rd2 {[%emt 0:01:30]} f6 {[%emt 0:05:30]} 20. Ne1 {[%emt 0:04:30]} Rbc8 {[%emt 0:10:30]} 21. Nd3 {[%emt 0:05:30]} Rd6 {[%emt 0:07:30]} 22. Rdc2 {[%emt 0:07:30]} Rdc6 {[%emt 0:04:30]} 23. a3 {[%emt 0:00:30]} Kf7 {[%emt 0:10:30]} 24. h4 {[%emt 0:01:30]} R6c7 {[%emt 0:02:30]} 25. Nf4 {[%emt 0:07:30]} Rd7 {[%emt 0:00:30]} 26. b4 {[%emt 0:02:30]} c4 {[%emt 0:01:30]} 27. Rd1 {[%emt 0:02:30]} Rcd8 {[%emt 0:01:30]} 28. g4 {[%emt 0:00:30]} Nc7 {[%emt 0:05:30]} 29. e4 {[%emt 0:04:30]} Re7 {[%emt 0:07:30]} 30. f3 {[%emt 0:03:30]} g5 {[%emt 0:02:30]} 31. hxg5 {[%emt 0:00:00]} fxg5 {[%emt 0:00:30]} 32. Nh3 {[%emt 0:01:00]} Ne6 {[%emt 0:03:45]} 33. Kf2 {[%emt 0:00:30]} Red7 {[%emt 0:03:27]} 34. exd5 {[%emt 0:03:30]} Rxd5 {[%emt 0:00:00]} 35. Rxd5 {[%emt 0:00:30]} Rxd5 {[%emt 0:00:01]} 36. Rxc4 {[%emt 0:00:00]} Rd3 {[%emt 0:04:10]} 37. a4 {[%emt 0:00:00]} h6 {[%emt 0:00:45]} 38. Ng1 {[%emt 0:02:30]} Ra3 {[%emt 0:01:22]} 39. a5 {[%emt 0:00:30]} Rb3 {[%emt 0:01:45]} 40. Ne2 {[%emt 0:00:30]} Kf6 {[%emt 0:04:31]} 41. Nc3 {[%emt 0:01:30]} a6 {[%emt 0:03:24]} 42. Ke3 {[%emt 0:01:30]} Ke5 {[%emt 0:00:20]} 43. Re4+ {[%emt 0:00:30]} Kd6 {[%emt 0:00:23]} 44. Kd3 {[%emt 0:00:30]} Nc7 {[%emt 0:00:46]} 45. Kc4 {[%emt 0:00:30]} Rb2 {[%emt 0:00:01]} 46. Rd4+ {[%emt 0:00:30]} Kc6 {[%emt 0:00:07]} 47. Rd8 {[%emt 0:00:30]} Rc2 {[%emt 0:00:57]} 48. Kd3 {[%emt 0:01:30]} Rb2 {[%emt 0:01:11]} 49. Rb8 {[%emt 0:00:30]} Kd7 {[%emt 0:00:31]} 50. Na4 {[%emt 0:00:30]} Rb3+ {[%emt 0:00:34]} 51. Ke4 {[%emt 0:00:30]} Rb1 {[%emt 0:01:04]} 52. Nc5+ {[%emt 0:00:30]} Kc6 {[%emt 0:00:14]} 53. Rb6# *

[Event "Mentese WGM 2019"]
[Site "Mentese"]
[Date "2019.06.24"]
[Round "6.4"]
[White "Dimitrijevic, Aleksandra"]
[Black "Anacoglu, Cisel"]
[Result "*"]
[WhiteElo "2190"]
[BlackElo "1973"]
[Annotator "TA"]
[PlyCount "48"]
[EventDate "2019.06.24"]
[EventType "schev"]
[EventCountry "TUR"]
[SourceTitle "playchess.com"]
[Source "ChessBase"]
[SourceQuality "1"]

{[%evp 9,48,16,16,18,18,14,22,18,23,23,26,9,32,0,22,0,16,0,0,-44,-40,-151,-123,-158,-85,-155,-129,-157,-130,-137,-128,-112,-47,-29,-25,-49,-31,-34,-31,-60,-29]} 1. e4 ({Predecessor:} 1. d3 e5 2. e4 Nc6 3. c3 g6 4. Nd2 Bg7 5. Ngf3 Nge7 6. Be2 O-O 7. b4 a6 8. Bb2 d5 {1-0 (35) Hellmayr,A (2305)-Brandstaetter,F (2105) Aschach 1995}) 1... e5 2. Nf3 Nc6 3. Be2 g6 4. O-O $146 (4. d4 exd4 5. Nxd4 Bg7 6. Be3 Nf6 7. Nc3 O-O 8. O-O d5 9. Nxc6 bxc6 10. e5 Ne8 11. Bd4 f6 12. exf6 Bxf6 13. Na4 Ng7 14. Nc5 Rb8 15. Rb1 a5 16. c3 {1-0 (53) Jobava,B (2706)-Kamsky,G (2714) Loo 2014}) 4... Bg7 5. c3 Nge7 (5... Nf6 6. d3 h6 7. b4 a6 8. Re1 O-O 9. a3 d5 10. Nbd2 Kh7 11. Qc2 dxe4 12. dxe4 {0-1 (61) Dimitrijevic,A (2175)-Anacoglu,C (1962) Tekirdag 2019}) 6. d3 {C44: Ponziani Opening and Scotch Gambit} O-O 7. b4 {[%cal Bb2b4,Bb4b5][%mdl 32]} a6 8. Bb2 {The position is equal.} d5 9. Nbd2 h6 10. a4 Be6 11. b5 Nb8 12. exd5 Nxd5 13. c4 Nf4 {...e4! is the strong threat.} 14. Ne4 Nd7 15. Ba3 (15. Re1 $15) 15... Re8 $17 16. Re1 Nxe2+ ({Black should play} 16... f5 17. Ng3 e4 18. dxe4 fxe4) 17. Qxe2 (17. Rxe2 $142 f5 18. Ned2) 17... f5 18. Ned2 e4 19. dxe4 Bxa1 20. Rxa1 fxe4 (20... axb5 $17 21. Qe3 bxc4) 21. Qxe4 $15 {[%mdl 64] [#] Double Attack} Qf6 22. Qb1 Bf5 {Black is slightly better.} 23. Qc1 $1 Kh7 24. Bb2 Qf7 {Accuracy: White = 45%, Black = 28%.} *

[Event "Mentese WGM 2019"]
[Site "Mentese"]
[Date "2019.06.24"]
[Round "6.5"]
[White "Arda, Cagil Irmak"]
[Black "Aydin, Gulenay"]
[Result "*"]
[WhiteElo "2069"]
[BlackElo "1967"]
[Annotator "NA RC"]
[PlyCount "91"]
[EventDate "2019.06.24"]
[EventType "schev"]
[EventCountry "TUR"]
[SourceTitle "playchess.com"]
[Source "ChessBase"]
[SourceQuality "1"]
[TimeControl "5400+30"]

1. e4 {[%emt 0:00:30]} c5 {[%emt 0:00:30]} 2. Nf3 {[%emt 0:00:00]} d6 {[%emt 0:00:00]} 3. d4 {[%emt 0:00:00]} cxd4 {[%emt 0:00:00]} 4. Nxd4 {[%emt 0:00:30]} Nf6 {[%emt 0:00:00]} 5. f3 {[%emt 0:00:00]} g6 {[%emt 0:00:00]} 6. c4 {[%emt 0:00:00]} Bg7 {[%emt 0:00:30]} 7. Nc3 {[%emt 0:00:00]} O-O {[%emt 0:00:30]} 8. Be3 {[%emt 0:00:00]} Nc6 {[%emt 0:00:30]} 9. Qd2 {[%emt 0:00:30]} Bd7 {[%emt 0:01:30]} 10. Be2 {[%emt 0:00:00]} a6 {[%emt 0:00:30]} 11. O-O {[%emt 0:00:00]} Qa5 {[%emt 0:04:30]} 12. Nxc6 {[%emt 0:16:30]} bxc6 {[%emt 0:07:30]} 13. c5 {[%emt 0:04:30]} Rfd8 {[%emt 0:19:30]} 14. cxd6 {[%emt 0:04:30]} exd6 {[%emt 0:13:30]} 15. Qxd6 {[%emt 0:02:30]} Be8 {[%emt 0:06:30]} 16. Qg3 {[%emt 0:03:30]} Rab8 {[%emt 0:03:30]} 17. Rab1 {[%emt 0:07:30]} Nd7 {[%emt 0:07:30]} 18. Qg5 {[%emt 0:16:30]} Ne5 {[%emt 0:11:30]} 19. b4 {[%emt 0:10:30]} Qc7 {[%emt 0:02:49]} 20. Rfc1 {[%emt 0:09:30]} h6 {[%emt 0:02:08]} 21. Qg3 {[%emt 0:02:30]} Qe7 {[%emt 0:00:40]} 22. Bc5 {[%emt 0:00:30]} Qe6 {[%emt 0:01:24]} 23. f4 {[%emt 0:13:05]} Nd7 {[%emt 0:01:07]} 24. Bf2 {[%emt 0:01:37]} a5 {[%emt 0:06:34]} 25. bxa5 {[%emt 0:01:55]} Rxb1 {[%emt 0:00:56]} 26. Rxb1 {[%emt 0:00:21]} Ra8 {[%emt 0:05:08]} 27. a6 {[%emt 0:00:31]} Bxc3 {[%emt 0:01:55]} 28. Qxc3 {[%emt 0:00:04]} Qxa2 {[%emt 0:00:03]} 29. Re1 {[%emt 0:01:46]} Nb8 {[%emt 0:01:07]} 30. a7 {[%emt 0:01:57]} Rxa7 {[%emt 0:00:30]} 31. Bxa7 {[%emt 0:00:30]} Qxa7+ {[%emt 0:00:30]} 32. Kh1 {[%emt 0:00:30]} Nd7 {[%emt 0:00:30]} 33. Bf3 {[%emt 0:00:30]} Nf8 {[%emt 0:00:30]} 34. Ra1 {[%emt 0:00:30]} Qc7 {[%emt 0:00:30]} 35. Ra8 {[%emt 0:00:30]} Qb7 {[%emt 0:00:30]} 36. Qa1 {[%emt 0:00:30]} Bd7 {[%emt 0:00:00]} 37. h3 {[%emt 0:01:23]} c5 {[%emt 0:00:00]} 38. Qa5 {[%emt 0:01:30]} Bc6 {[%emt 0:00:34]} 39. Rd8 {[%emt 0:00:38]} Qe7 {[%emt 0:02:10]} 40. Rc8 {[%emt 0:00:20]} Qd7 {[%emt 0:01:23]} 41. Qc7 {[%emt 0:00:16]} Qxc7 {[%emt 0:00:50]} 42. Rxc7 {[%emt 0:00:03]} Bd7 {[%emt 0:00:31]} 43. Rxc5 {[%emt 0:00:09]} Ne6 {[%emt 0:00:03]} 44. Rd5 {[%emt 0:00:35]} Bc6 {[%emt 0:00:00]} 45. Rd6 {[%emt 0:00:10]} Bb7 {[%emt 0:00:03]} 46. Rb6 *

[Event "Mentese WGM 2019"]
[Site "Mentese"]
[Date "2019.06.24"]
[Round "7.1"]
[White "Rakhmangulova, Anastasiya"]
[Black "Doluhanova, Evgeniya"]
[Result "1/2-1/2"]
[WhiteElo "2217"]
[BlackElo "2319"]
[Annotator "TA"]
[PlyCount "23"]
[EventDate "2019.06.24"]
[EventType "schev"]
[EventCountry "TUR"]
[SourceTitle "playchess.com"]
[Source "ChessBase"]
[SourceQuality "1"]

{[%evp 21,23,0,25,-122]} 1. e4 c5 2. Nf3 d6 3. d4 cxd4 4. Nxd4 Nf6 5. Nc3 a6 6. Be3 Ng4 $146 ({Predecessor:} 6... e5 7. Nf3 Qc7 8. a4 Be7 9. a5 O-O 10. Be2 Nbd7 11. Nd2 b5 12. axb6 Nxb6 13. O-O a5 14. Nb5 Qb8 15. c4 Be6 16. Qb3 Rc8 17. Rfc1 Bd8 18. Qd1 Nbd7 19. f3 Bb6 20. Nf1 Ne8 21. Rc3 {½-½ (41) Aronian,L (2763)-Naiditsch,A (2695) Karlsruhe/Baden Baden 2019}) 7. Bc1 Nf6 8. Be3 Ng4 9. Bc1 Nf6 10. Be3 Ng4 11. Bc1 Nf6 12. Nb1 {B90: Sicilian Najdorf: Unusual White 6th moves, 6 Be3 Ng4 and 6 Be3 e5} (12. Bg5 $11) 1/2-1/2

[Event "Mentese WGM 2019"]
[Site "Mentese"]
[Date "2019.06.24"]
[Round "7.2"]
[White "Zubova, Mariya"]
[Black "Khomeriki, Nino"]
[Result "0-1"]
[WhiteElo "2164"]
[BlackElo "2313"]
[Annotator "TA"]
[PlyCount "112"]
[EventDate "2019.06.24"]
[EventType "schev"]
[EventCountry "TUR"]
[SourceTitle "playchess.com"]
[Source "ChessBase"]
[SourceQuality "1"]

{[%evp 14,112,15,0,-1,0,0,1,3,0,0,-16,-15,-12,-14,-19,-16,-21,-12,-22,-10,-37,-45,-46,-45,-48,-25,-35,-32,-33,-22,-37,-40,-52,-27,-34,-40,-35,0,0,0,-9,0,0,0,0,5,0,25,0,0,0,14,13,0,6,45,39,143,42,77,0,63,0,20,0,0,0,0,0,0,0,0,-73,-18,-47,0,-98,-65,-92,-37,-46,-70,-45,-10,-13,0,-107,-79,-83,-85,-80,-55,-55,-31,-35,-15,-1347,-1411,-6314,-4656]} 1. e4 e5 2. Nf3 Nc6 3. Bb5 a6 4. Ba4 Nf6 5. d3 b5 6. Bb3 Be7 7. Nc3 d6 8. a4 b4 {C77: Ruy Lopez: 3...a6 4 Ba4 Nf6, unusual lines} 9. Nd5 Na5 10. Ba2 Nxd5 {The position is equal.} 11. Bxd5 Rb8 $146 ({Predecessor:} 11... c6 12. Ba2 Rb8 13. O-O O-O 14. d4 exd4 15. Nxd4 c5 16. Nf5 Bxf5 17. exf5 {½-½ (35) Fernandez Garcia,J (2353)-Milos,G (2583) Linares 2014}) 12. Bd2 c6 13. Ba2 O-O 14. O-O c5 15. Bd5 Bb7 16. Bxb7 Rxb7 17. c3 bxc3 18. bxc3 Qd7 19. Be3 Qc6 20. Qc2 Rfb8 21. Ra2 Bf6 22. Nd2 c4 23. Rd1 h6 24. h3 Be7 25. d4 Bf6 26. Nf3 Nb3 27. d5 Qe8 28. Qe2 Na5 29. Nh2 Bd8 30. Nf1 Kh7 31. Qh5 Rb3 32. Rc1 Rb2 (32... Qf8 {with more complications.} 33. Qe2 Qe7 34. Kh2 R3b7 35. Re1 Qd7) 33. Rxb2 Rxb2 34. Qf5+ g6 $1 {[%cal Rg6f5]} 35. Qc8 Rb7 (35... Qe7 $1 $14) 36. Qa8 (36. Nd2 $16) 36... f5 $14 37. f3 ({Much worse is} 37. Qxa6 f4 $11) (37. Nd2 $16) 37... Rb2 (37... f4 $11 38. Bf2 Qd7) 38. Qxa6 (38. exf5 $14 gxf5 39. Qc8) 38... Bc7 (38... f4 {keeps more tension.} 39. Bf2 Qd7 40. Rd1 h5 41. Nd2 Qxa4 42. Rb1 Rxd2 43. Qxd6 Rxf2 44. Qxd8 Rxg2+ 45. Kf1 Rf2+) 39. Ra1 f4 40. Bf2 Qb8 41. Rd1 Qe8 42. Ra1 h5 43. Qa7 {[#]} (43. Rd1 $11) 43... Qd7 (43... Qc8 $1 $17 {And now ...Rb8 would win.} 44. Kh1 Qb8) 44. Kh1 Kh6 {[%mdl 1024] Black has compensation.} 45. Be1 (45. Nd2 $11 Qd8 46. Be1) 45... Nb3 $17 46. Rd1 Ra2 ({Black should play} 46... Qc8 $17 {Threatens to win with ...Nc5.} 47. Nd2 Nc5) 47. Qa8 $15 Kg7 48. Nd2 Rxa4 $40 {[%mdl 128] White needs to defend precisely.} 49. Qb7 $1 Nc5 50. Qc6 (50. Qb1 $1 $11) 50... Qxc6 51. dxc6 Nd3 52. Kg1 Kf7 53. Bh4 Nc5 54. Rb1 Ke6 55. Rb4 $2 {[%mdl 8192] [#]} (55. Bf2 $11) 55... Rxb4 $19 56. cxb4 c3 {Accuracy: White = 47%, Black = 41%.} 0-1

[Event "Mentese WGM 2019"]
[Site "Mentese"]
[Date "2019.06.24"]
[Round "7.3"]
[White "Novikova, Margarita"]
[Black "Dimitrijevic, Aleksandra"]
[Result "1/2-1/2"]
[WhiteElo "2020"]
[BlackElo "2190"]
[Annotator "TA"]
[PlyCount "61"]
[EventDate "2019.06.24"]
[EventType "schev"]
[EventCountry "TUR"]
[SourceTitle "playchess.com"]
[Source "ChessBase"]
[SourceQuality "1"]

{[%evp 16,61,31,-18,-14,-90,-37,-38,-29,-36,-40,-36,-23,-27,-28,-25,0,0,0,0,0,0,0,-5,-4,-7,0,0,0,0,12,10,26,11,39,0,0,0,7,0,0,0,0,0,0,0,0,0]} 1. e4 e5 2. Nf3 Nc6 3. Bb5 Nf6 4. O-O Nxe4 5. d4 Nd6 6. Bxc6 dxc6 7. dxe5 Nf5 8. Qxd8+ Kxd8 9. Bg5+ Ke8 {C67: Ruy Lopez: Berlin Defence: 4 0-0 Nxe4} 10. Nh4 $146 (10. Nc3 $11 {remains equal.}) ({Predecessor:} 10. Rd1 Be6 11. h3 {½-½ (11) Sredojevic,I (2342)-Fang,Y (2494) Novi Sad 2016}) 10... Nxh4 (10... h6 $17 11. Nxf5 Bxf5) 11. Bxh4 $15 Be7 {Black is slightly better.} 12. Bxe7 Kxe7 13. f4 g6 14. Nd2 Bf5 15. Rac1 f6 16. exf6+ Kxf6 17. Rfe1 Rhe8 18. c3 Rad8 {[#] Hoping for ...Rxe1+.} 19. Rxe8 Rxe8 $11 {[%mdl 4096] Endgame KRB-KRN} 20. Kf2 Bd3 {Strongly threatening ...Re2+.} (20... h6 {is more complex.} 21. Nf3 c5 22. Rd1 g5 23. fxg5+ hxg5 24. h3 Be6) 21. Re1 Rxe1 22. Kxe1 {KB-KN} Bf5 23. Kf2 h5 24. Ke3 b6 25. g3 c5 {The position is equal.} 26. Nf3 Ke6 27. Ng5+ Kd6 28. Nf7+ Ke7 29. Ng5 Kd6 30. Nf7+ Ke7 31. Ng5 {Accuracy: White = 56%, Black = 30%.} 1/2-1/2

[Event "Mentese WGM 2019"]
[Site "Mentese"]
[Date "2019.06.24"]
[Round "7.4"]
[White "Anacoglu, Cisel"]
[Black "Arda, Cagil Irmak"]
[Result "1/2-1/2"]
[WhiteElo "1973"]
[BlackElo "2069"]
[Annotator "NA RC"]
[PlyCount "102"]
[EventDate "2019.06.24"]
[EventType "schev"]
[EventCountry "TUR"]
[SourceTitle "playchess.com"]
[Source "ChessBase"]
[SourceQuality "1"]
[TimeControl "5400+30"]

1. e4 {[%emt 0:00:30]} c5 {[%emt 0:00:30]} 2. Nf3 {[%emt 0:00:00]} d6 {[%emt 0:00:00]} 3. Bb5+ {[%emt 0:00:00]} Nd7 {[%emt 0:00:00]} 4. O-O {[%emt 0:00:00]} Ngf6 {[%emt 0:00:30]} 5. Re1 {[%emt 0:00:00]} a6 {[%emt 0:00:00]} 6. Bd3 {[%emt 0:00:30]} e6 {[%emt 0:00:00]} 7. c3 {[%emt 0:00:00]} b6 {[%emt 0:00:30]} 8. Bc2 {[%emt 0:00:00]} c4 {[%emt 0:02:30]} 9. b3 {[%emt 0:01:30]} cxb3 {[%emt 0:09:30]} 10. axb3 {[%emt 0:00:30]} Bb7 {[%emt 0:00:00]} 11. d4 {[%emt 0:01:30]} Be7 {[%emt 0:01:00]} 12. Nbd2 {[%emt 0:02:30]} Qc7 {[%emt 0:03:30]} 13. Bb2 {[%emt 0:02:30]} e5 {[%emt 0:03:30]} 14. c4 {[%emt 0:06:30]} O-O {[%emt 0:02:30]} 15. Nf1 {[%emt 0:01:30]} Rfe8 {[%emt 0:09:30]} 16. Ng3 {[%emt 0:03:30]} Bf8 {[%emt 0:02:30]} 17. Qd2 {[%emt 0:01:30]} g6 {[%emt 0:05:30]} 18. h4 {[%emt 0:10:30]} Rac8 {[%emt 0:05:30]} 19. Rac1 {[%emt 0:01:30]} Qd8 {[%emt 0:00:30]} 20. Rcd1 {[%emt 0:03:30]} Ng4 {[%emt 0:05:30]} 21. Qe2 {[%emt 0:02:30]} exd4 {[%emt 0:00:30]} 22. Bxd4 {[%emt 0:04:30]} Nde5 {[%emt 0:08:30]} 23. Nxe5 {[%emt 0:02:30]} Nxe5 {[%emt 0:00:30]} 24. h5 {[%emt 0:01:30]} Nc6 {[%emt 0:06:30]} 25. Ba1 {[%emt 0:03:30]} Qg5 {[%emt 0:04:30]} 26. Qf3 {[%emt 0:05:30]} Ne5 {[%emt 0:03:30]} 27. Qc3 {[%emt 0:00:00]} f6 {[%emt 0:00:30]} 28. hxg6 {[%emt 0:04:00]} hxg6 {[%emt 0:00:30]} 29. Qd2 {[%emt 0:00:30]} Qxd2 {[%emt 0:00:30]} 30. Rxd2 {[%emt 0:00:30]} d5 {[%emt 0:01:30]} 31. exd5 {[%emt 0:04:30]} Bb4 {[%emt 0:00:30]} 32. Rxe5 {[%emt 0:01:30]} Rxe5 {[%emt 0:00:30]} 33. Bxe5 {[%emt 0:00:30]} Bxd2 {[%emt 0:05:30]} 34. Bxf6 {[%emt 0:00:30]} Bxd5 {[%emt 0:04:32]} 35. Bxg6 {[%emt 0:03:30]} Bf7 {[%emt 0:04:28]} 36. Bf5 {[%emt 0:06:30]} Rc6 {[%emt 0:00:42]} 37. Ne4 {[%emt 0:01:30]} b5 {[%emt 0:05:20]} 38. g4 {[%emt 0:03:30]} bxc4 {[%emt 0:02:49]} 39. bxc4 {[%emt 0:00:00]} Be6 {[%emt 0:01:40]} 40. Bxe6+ {[%emt 0:13:42]} Rxe6 {[%emt 0:00:04]} 41. f3 {[%emt 0:00:04]} Be3+ {[%emt 0:00:08]} 42. Kf1 {[%emt 0:00:05]} a5 {[%emt 0:00:42]} 43. Ke2 {[%emt 0:01:07]} Bh6 {[%emt 0:00:16]} 44. Kd3 {[%emt 0:01:38]} a4 {[%emt 0:01:18]} 45. g5 {[%emt 0:01:57]} Bf8 {[%emt 0:01:45]} 46. Kc2 {[%emt 0:01:30]} a3 {[%emt 0:01:09]} 47. Kb3 {[%emt 0:00:11]} Rb6+ {[%emt 0:00:40]} 48. Ka2 {[%emt 0:00:02]} Rc6 {[%emt 0:00:26]} 49. c5 {[%emt 0:00:14]} Bxc5 {[%emt 0:00:23]} 50. Nxc5 {[%emt 0:00:07]} Rxc5 {[%emt 0:00:03]} 51. Kxa3 {[%emt 0:00:04]} Rf5 {[%emt 0:00:02]} 1/2-1/2